000 01545nam0a2200337 i 4500
001 RU\NLR\bibl\1996539
005 20240921174705.0
010 _a9785916576016
_94000
021 _aRU
_b2013-3040
_9203
035 _a(NLR Aleph) 001984946
090 _a4143452
_c4143452
100 _a20130205d2013 u y0rusy50 ca
101 1 _arus
_ceng
102 _aRU
105 _ay |||||||||
200 1 _aПлатформа: как стать заметным в Интернете
_eпошаговое руководство для всех, кому есть что скащать или продать
_fМайкл Хайятт
_gпер. с англ. Оксаны Медведь
210 _aМосква
_cМанн, Иванов и Фербер
_d2013
215 _a297, [1] с.
_d24
225 1 _aМеждународный бестселлер
300 _aЗагл. и авт. ориг.: Platform: get noticed in a noisy world/ Michael Hyatt
320 _aБиблиогр. в примеч.: с. 282-295
454 0 _12001#$aPlatform$eget noticed in a noisy world$fMichael Hyatt
_1700#1$aHyatt$bM.$gMichael$4070
_tPlatform
_aHyatt, Michael
606 1 _aINTERNET, глобальная информационная сеть
_xПрименение в предпринимательстве
_92115659
_3RU\NLR\auth\661278143
686 _aУ5-13в612
700 1 _aХайятт
_bМ.
_gМайкл
_4070
801 0 _aRU
_bNLR
_c20130205
_gRCR
801 1 _aRU
_bNLR
_c20130205
942 _cBOOK
980 _aNBR